| 000 | nam a22 a 4500 | ||
|---|---|---|---|
| 999 |
_c139952 _d139952 |
||
| 003 | BLK | ||
| 005 | 20210617125215.0 | ||
| 008 | 180409b bul|||||r ||||||| ||bul|| | ||
| 010 | _aKNG00146007000 | ||
| 040 | _aBLK | ||
| 041 |
_aBUL _cBUL |
||
| 080 |
_aБългарска литература _b821.163.2 _x-93-34 _z821.163.2-93-34 |
||
| 139 |
_aГорски приказки _bГ 69 |
||
| 245 | 1 | 0 |
_aГорски приказки _cил. Никола Стоилов Мирчев; * Лъчезар Дончев Станчев; * Лила Борисова Захариева; * Емилия Захариева. |
| 257 | _aBGR | ||
| 260 |
_bБълг. художник _c1970 _aСофия |
||
| 300 |
_a48 с. _bс ил. _c37 см |
||
| 380 | _aDX | ||
| 490 |
_aПоредица Любими детски илюстратори _9206659 |
||
| 500 | _aКор. опис. - 100 000 тир. - Съдържа : Горска приказка / Лъчезар Станчев. - Весела забава в горската дъбрава / Лила Захариева. - В горския ЦУМ / Емилия Захариева. | ||
| 653 | _aприказки | ||
| 653 | _aдетска литература | ||
| 653 | _aлитература за деца | ||
| 700 | 1 |
_aМирчев, Никола Стоилов _eил. _9378036 |
|
| 700 | 1 |
_aСтанчев, Лъчезар Дончев _e* _9365631 |
|
| 700 | 1 |
_aЗахариева, Лила Борисова _e* _9379343 |
|
| 700 | 1 |
_aЗахариева, Емилия _e* _9376527 |
|
| 852 | _aЦб II 18204 | ||
| 856 | 4 | _qpdf | |
| 856 | 4 | _qpdf | |
| 942 |
_cKNG _n0 _03 _s1 |
||
| 944 |
_aCR _c16.07.2013 _lф / 16.07.2013 _kЛюдмила_Стоянова |
||
| 944 |
_aED _c21.02.2017 _lф / 16.07.2013 _kЛюдмила_Стоянова |
||
| 999 | _d139952 | ||